|
|
|
|
| LEADER |
00754nta a2200193 i 4500 |
| 001 |
dipl115772 |
| 005 |
20210603064559.0 |
| 008 |
210525s1995 hu om 0|| zxx d |
| 040 |
|
|
|a SZTE Diploma Repozitórium
|b hun
|
| 041 |
|
|
|a zxx
|
| 100 |
1 |
|
|a Posztós László
|
| 245 |
1 |
0 |
|a "Múlt, jelen, s jövendő" / A Fóti Gyermekváros története, fejlesztésének lehetősége /
|h [elektronikus dokumentum] /
|c László Posztós
|
| 260 |
|
|
|c 1995
|
| 650 |
|
4 |
|a Pedagógusképzés
|
| 650 |
|
4 |
|a Social sciences
|
| 650 |
|
4 |
|a Educational sciences
|
| 650 |
|
4 |
|a Education, general (including training, pedagogy, didactics)
|
| 700 |
2 |
|
|a Fáyné Dr. Dombi Alice
|e ths
|
| 856 |
4 |
0 |
|u http://diploma.bibl.u-szeged.hu/id/eprint/115772/1/1995_posztos_laszlo.pdf
|z Dokumentum-elérés
|